[Event "ESP-ch"]
[Site "Leon"]
[Date "2006.11.22"]
[Round "1"]
[White "Rivas Pastor, Manuel"]
[Black "Narciso Dublan, Marc"]
[Result "1/2-1/2"]
[WhiteElo "2511"]
[BlackElo "2511"]
[Annotator "GM Stuart Conquest y GM Javier Campos"]
[PlyCount "108"]
[EventDate "2006.??.??"]

1. e4 d6 2. c4 $5 Nf6 3. Nc3 g6 4. d4 Bg7 5. Be2 O-O 6. Be3 $5 {
Poco frequente, pero con veneno.} e5 7. d5 Na6 8. g4 $1 Nc5 9. f3 a5 10. h4 (
10. Qd2 Ne8 $5 11. h4 (11. Bh6 $4 Qh4+) 11... f5 $1 12. g5 Bd7 {
conduce a un medio juego muy agudo.} (12... Bh8 $5 {con idea ...Cg7})) 10... c6
(10... h5 11. Bg5 (11. g5 Nh7 12. Qd2 f6 13. O-O-O a4 $13) 11... Qe8 (11... c6
$2 12. gxh5 $16) 12. Qd2 (12. Bxf6 Bxf6 13. gxh5 gxh5 14. Qd2 Kh7 $13) 12...
Kh7 (12... hxg4 13. Bxf6 Bxf6 14. fxg4 Qe7 15. g5 Bg7 16. h5 $14) 13. O-O-O $14
) 11. h5 cxd5 12. cxd5 a4 13. Nh3 {
Tal vez es mas recomendable jugar sin esta maniobra que ralentiza el ataque.} (
13. Qd2 Qa5 (13... Bd7 14. Bh6 b5 $5 15. Bxg7 Kxg7 16. Nxb5 $13 (16. hxg6 fxg6
17. Qh6+ Kg8 18. g5 Nh5 $13)) 14. Rb1 $5 (14. Bh6 $6 Bxh6 15. Qxh6 a3 $13)
14... Bd7 15. Bh6 Bxh6 (15... b5 $2 16. hxg6 fxg6 17. Bxg7 Kxg7 18. Qh6+ Kg8
19. g5 Nh5 20. Rxh5 gxh5 21. g6 hxg6 22. Qxg6+ Kh8 23. Qxd6 b4 24. Qxe5+ Kg8
25. Qg5+ Kf7 26. Qxh5+ Ke7 27. Qg5+ $18) 16. Qxh6 Be8 17. Nh3 $14) 13... Bd7
14. Qd2 Qa5 15. Nf2 b5 16. Kf1 b4 17. Ncd1 Bb5 18. Kg2 Rfc8 {
Narciso prepara su proprio contrajuego.} 19. Rc1 (19. Bxb5 Qxb5 20. Bh6 $6 Bxh6
21. Qxh6 Qe2 $15 (21... Nd3 $15)) (19. Bg5 $5 Bxe2 (19... Qa6 20. Bxb5 Qxb5 21.
Ne3 Rc7 $13) 20. Qxe2 Rc7 (20... Qa6 $6 21. Qxa6 Nxa6 22. h6 Bh8 23. Ne3 $14)
21. Ne3 Rac8 $13) 19... Bxe2 20. Qxe2 a3 $5 21. hxg6 hxg6 (21... fxg6 $5 {
parece mas dinamico, porque así las Negras se quedarían con la opción ...h5,
buscando la activación de las piezas menores.} 22. b3 Nxb3 23. axb3 Rxc1 24.
Bxc1 a2 25. Bb2 a1=Q 26. Bxa1 Qxa1 $13) (21... axb2 $2 22. gxf7+ Kxf7 23. Nxb2
Qxa2 24. g5 $16) 22. b3 Nxb3 $1 {La justificación de 20...a3.} 23. axb3 Rxc1
24. Bxc1 a2 25. Bb2 a1=Q 26. Bxa1 Qxa1 27. Nd3 {Tocando b4, y con el punto 27..
.Ta2?? 28.Cdb2! Rivas tenía por aqui una gran ventaja de tiempo.} (27. Qc4 $1
Qd4 (27... Qa5 28. Nd3 $14) 28. Qxd4 (28. Qc6 Ra3 29. Qxd6 Nh7 30. Qd8+ Nf8 $13
) 28... exd4 29. Nd3 Ra3 $13) 27... Qd4 28. N1f2 (28. Ne3 $5) 28... Ra3 29. Qc2
Qc3 30. Rc1 Qxc2 (30... Rxb3 $4 31. Qd1 $18) (30... Qxb3 31. Qc8+ Bf8 32. Qd8 {
es demasiado peligroso.}) 31. Rxc2 Rxb3 {
En principio las Negras no deben perder, pero Narciso estaba muy apurado.} 32.
Rc4 Bh6 33. Rxb4 Rxb4 34. Nxb4 Ne8 35. Kf1 Nc7 36. Ke2 Kf8 37. Kd3 Ke8 38. Kc4
Be3 39. Nd1 Bd2 40. Nc6 Kd7 41. Nb2 Be1 42. Nd3 Bd2 43. Ndb4 Bxb4 44. Kxb4 f5
45. g5 fxe4 46. fxe4 Ne8 47. Kb5 Ng7 48. Kb6 Nh5 49. Nb8+ Ke8 50. Kc6 Ng3 51.
Kxd6 Nxe4+ 52. Kxe5 Nxg5 53. Na6 Nf7+ 54. Kf6 Kd7 1/2-1/2

[Event "Campeonato de España Absoluto "]
[Site "Leon"]
[Date "2006.11.23"]
[Round "2.6"]
[White "Herraiz Hidalgo, Herminio"]
[Black "Garcia Castro, Pablo"]
[Result "1-0"]
[WhiteElo "2491"]
[BlackElo "2354"]
[Annotator "Conquest y Campos Moreno"]
[PlyCount "83"]
[EventDate "2006.11.22"]

1. Nf3 d6 2. d4 Nf6 3. c4 Nbd7 4. Nc3 e5 5. e4 Be7 6. Be2 c6 7. O-O O-O 8. Be3
Ng4 (8... b6 9. Qc2 Ng4 10. Bd2 Bb7 11. Rad1 Qc7 {Bannik-Spassky, USSR-ch 1961}
) 9. Bd2 Qe8 $5 {Más flexible que 9...Dc7, las negras buscan activar su Ae7.}
10. d5 (10. Re1 Bd8) 10... Bd8 11. dxc6 $5 $146 {Una decisión un tanto radical.
} (11. b4 cxd5 12. cxd5 $14) 11... bxc6 12. b4 {
Impediendo la maniobra ...Cc5-e6, y a la vez ganando espacio.} Bb7 (12... a5 $5
{obliga a las blancas a declarar sus intenciones: si} 13. b5 (13. a3 Bb7 14.
Bg5 axb4 15. axb4 Rxa1 16. Qxa1 Bxg5 17. Nxg5 Ngf6 {
y las negras han, prácticamente, igualado la partida}) 13... Nc5 $132) 13. Bg5
Bc7 (13... Bxg5 $2 14. Nxg5 {y cae el peón d6.}) (13... f6 $6 14. Bc1 $1 {
y las negras tienen problemas con su Cg4.}) 14. Nd2 $1 f6 (14... Ngf6 15. Nb3
$14 {y las blancas tienen planes molestos como Cb3-a5 o c4-c5.}) 15. Bh4 (15.
Bxg4 fxg5 16. Nf3 {gana un peón:} Nf6 17. Nxg5 Nxg4 18. Qxg4 Bc8 {pero está cla
ro que con sus dos alfiles las negras disponen de cierta compensación.}) 15...
Nh6 16. Nb3 g5 $1 17. Bg3 Qe7 (17... f5 {
podría trasponer a la partida después de} 18. f3) 18. Rc1 {
Con la idea c4-c5, pero era posible jugar así directamente.} (18. c5 $5 dxc5
19. Nxc5 Nxc5 20. bxc5 {amenazando 21.Db3+.}) 18... f5 19. f3 Rad8 20. Bf2 Bb6
21. Bxb6 axb6 22. Qd2 f4 {Lógicamente, las negras tratan la posición como si
fuera una india de rey, buscando un ataque con ...Cf6, ...g4 etc. Pero en el
otro flanco tienen debilidades.} 23. a4 Nf6 ({Sería más flexible} 23... Kh8 $5
{(o 23...Cf7), en ambos casos teniendo la opción ...Cd7-c5 en caso de b4-b5.})
24. b5 Kh8 (24... g4 $5) 25. Qe1 $14 Ra8 (25... g4 26. Qh4 $5 Qg7 27. a5 $14)
26. Ra1 Qc7 27. Qf2 c5 $5 (27... g4 {era todavía opción.}) 28. Ra2 Nf7 29. a5
bxa5 30. Rfa1 Nd8 (30... g4 31. Qh4 $16) 31. Nd5 (31. Nxa5 Ne6 32. b6 $14)
31... Bxd5 32. exd5 (32. cxd5 Nb7 33. Qe1 c4) 32... e4 $2 ({?Por que no} 32...
Nb7 {? Las negras no están tan mal.}) 33. fxe4 Nxe4 34. Qf3 $16 Re8 35. Bd3 Nf6
36. Nxa5 Qg7 (36... Re3 37. Qf1 {con clara ventaja.}) 37. Bf5 Qe7 38. Qc3 Qe5
$2 39. Qxe5 Rxe5 40. Nc6 Rxa2 41. Rxa2 Re8 42. b6 1-0

[Event "Campeonato de España Absoluto "]
[Site "Leon"]
[Date "2006.11.22"]
[Round "1.21"]
[White "Santos Latasa, Jaime"]
[Black "Fernandez Siles, Luis"]
[Result "1/2-1/2"]
[WhiteElo "1596"]
[BlackElo "2280"]
[PlyCount "87"]
[EventDate "2006.11.22"]

{Habia interes en como  jugaria el Campeon de España sub-10 ante un rival
bastante experimentado.} 1. d4 d5 2. c4 c6 3. Nc3 Nf6 4. Nf3 dxc4 5. a4 Bf5 6.
Ne5 Nbd7 7. Nxc4 Nb6 8. Ne5 a5 {
No creemos que el campeon de España sub-10 se dispusiera a repetir jugadas.} 9.
f3 Nfd7 10. Nxd7 Nxd7 11. e4 Bg6 12. Be3 (12. h4 $5) (12. Qb3 $5) 12... Qb6 13.
Qd2 e5 $5 {El negro juega muy activo y ingenioso.13...e6} 14. Be2 (14. dxe5 Bc5
15. Bxc5 Nxc5 {
y no es facil defender las casillas debiles,especialmente en el flanco de dama.
}) 14... exd4 (14... Rd8 $5) 15. Bxd4 Bc5 (15... Qb4 16. Rd1 Rd8 17. Be3 Be7 {
era otra posibilidad comoda para el negro.}) 16. Rd1 (16. Bxg7 Bf2+ 17. Kf1 Be3
18. Qd3 Rg8 19. Nd1 Bc5 20. Bc3 {era interesante.}) 16... O-O 17. O-O (17. f4)
17... Rad8 18. Qe3 Bxd4 19. Qxd4 $6 (19. Rxd4 Nc5 20. Rfd1 {era necesario.})
19... Nc5 20. Qf2 Qb4 $15 21. Na2 (21. Rxd8 Rxd8 22. Rd1 Rxd1+ 23. Bxd1 f5 24.
exf5 Bxf5 {tambien es desagradable.}) 21... Qxb2 22. Qxc5 Qxe2 (22... Qxa2 23.
Rxd8 Rxd8 24. Qxa5 $11) 23. Nc3 Qa6 (23... Qc2 24. Rxd8 Rxd8 25. Qxa5 $11) 24.
Rxd8 Rxd8 25. Qe7 $2 (25. Rb1 Rd2 26. f4 {
era mejor,intentando que la dama negra no entre facilmente en juego.}) 25...
Qb6+ 26. Kh1 f6 (26... f5 27. Qe6+ Bf7 28. Qxf5 Qb4 29. Qg5 Rd3 {
era tambien ganador.}) 27. h4 $5 Re8 28. Qd7 Qc5 $6 (28... Qe3 $19) 29. Qd3 Bf7
$6 (29... f5 $19) 30. Rb1 Qe7 $6 (30... b6) 31. Qd4 $1 {
Es loable la persistencia de Jaime.} Rd8 32. Qb6 f5 33. Qxb7 Qxh4+ 34. Kg1 h6
$2 (34... fxe4 35. Nxe4 (35. fxe4 Qf6 $15) 35... Bd5 $17 {
Es obvio que la tenacidad del blanco ha dado sus frutos.}) 35. Qb2 $2 (35. Qxc6
{era lo mas sencillo.}) 35... Qf4 (35... Qg5 $1 {
y de nuevo la posicion blanca era insalvable.}) 36. Qb6 $1 Rd2 37. Qb8+ Qxb8
38. Rxb8+ Kh7 39. exf5 Rd3 40. Ne4 Rd5 41. Rb7 (41. g4 $14) (41. Ra8 $14) 41...
Kg8 42. Rb8+ Kh7 43. Rb7 Kg8 44. Rb8+ {
Fernandez Siles declaro que este niño sera durisimo.} 1/2-1/2

[Event "Campeonato de España Absoluto "]
[Site "Leon"]
[Date "2006.11.23"]
[Round "2.4"]
[White "Trujillo Delgado, Dafnae"]
[Black "Bellon Lopez, Juan Manuel"]
[Result "0-1"]
[WhiteElo "2174"]
[BlackElo "2396"]
[PlyCount "101"]
[EventDate "2006.11.22"]

{Se presentaba un bonito duelo entre una de las mejores jugadoras españolas
del momento y el actual campeón de España de veteranos.} 1. e4 c5 2. Nf3 e6 3.
d4 cxd4 4. Nxd4 a6 5. Be2 Nf6 6. Nc3 Qc7 7. a3 b5 8. O-O Bb7 9. Bf3 d6 10. g4
Be7 11. Bg2 h6 ({Se había jugado:} 11... Nc6 12. Nb3 Ne5 13. g5 Nfd7 14. f4 Nc4
15. Qd4 e5 16. Qf2 Qb6 $13 {Pridorozhni,A-Rakitskaja,M/St Petersburg 2002}) 12.
f4 Nc6 13. Be3 Nxd4 (13... Na5 $5) 14. Bxd4 e5 (14... Rc8) 15. Be3 exf4 (15...
h5) 16. Bxf4 ({Quizás era mejor} 16. Rxf4 O-O 17. Bd4 Rae8 {
aunque las negras parecen estar perfectamente}) 16... O-O 17. Kh1 Rac8 18. g5
hxg5 19. Bxg5 Rfe8 (19... Nxe4 $5 20. Nxe4 Bxe4 21. Bxe4 Bxg5 22. Qh5 Bh6 23.
Rg1 {no era claro.}) 20. Bxf6 $6 {El inicio de un dudoso ataque directo al rey
negro.La ausencia de efectivos es el principal problema para llevarlo al éxito.
} Bxf6 21. Rxf6 gxf6 22. Qg4+ Kf8 23. Qf4 ({
Las cosas no son tan claras despues de:} 23. Rf1 Re6 24. Qh4) 23... Qc5 $2 ({
era decisivo:} 23... Re5 24. Qxf6 Qd8 25. Qh8+ Ke7 26. Qh4+ Ke8 27. Qh8+ Kd7
28. Bh3+ Kc7 {y el rey se escapa}) 24. Nd5 $2 ({devolviendo el favor} 24. Qxf6
Qe5 25. Qh6+ Ke7 26. Qh4+ Qf6 $2 (26... Kf8 $11) 27. Qxf6+ Kxf6 28. e5+ $1 $18)
24... Bxd5 25. exd5 Re2 26. Bf3 (26. Qxf6 Qf2 27. Qxd6+ Ke8 $19) 26... Rxc2 $19
27. Qh6+ (27. Qxf6 Rc1+ 28. Rxc1 Qxc1+ 29. Kg2 Rc2+ 30. Kh3 Qf1+ 31. Kg4 Rg2+
32. Kf4 Qc1+ 33. Kf5 (33. Ke4 Rg6) 33... Qc2+ 34. Kf4 Qd2+ 35. Kf5 Qd3+ 36. Kf4
Rg6 $19) 27... Ke7 28. Re1+ Kd7 29. Qxf6 (29. Bg4+ Kc7 30. Bxc8 Qxd5+) 29...
Rxh2+ $1 (29... Kc7 {
era lo más sencillo, pero no lo más atractivo según el estilo de Bellon.}) 30.
Kxh2 Qf2+ 31. Kh3 Rh8+ 32. Qxh8 (32. Kg4 Rg8+ 33. Kf4 Qg3+ 34. Ke3 Qxe1+) 32...
Qxf3+ 33. Kh4 Qf2+ 34. Kg5 Qg3+ (34... Qxe1 {era menos precisa}) 35. Kf5 Qxe1
36. Qa8 Qe5+ 37. Kg4 Ke7 $1 {el resto es cuestión de técnica} 38. Qb7+ Kf6 39.
Qc6 Qd4+ 40. Kf3 Qc5 41. Qb7 a5 42. Ke4 Qc2+ 43. Kf4 Qxb2 44. Qc7 Qe5+ 45. Kg4
Qg5+ 46. Kh3 Qxd5 47. Qxa5 Qb3+ 48. Kg2 Kf5 49. Qc7 Qd5+ 50. Kg3 Ke5 51. Qe7+
0-1

[Event "Campeonato de España Absoluto "]
[Site "Leon"]
[Date "2006.11.24"]
[Round "3.5"]
[White "Alsina Leal, Daniel"]
[Black "Recuero Guerra, David"]
[Result "0-1"]
[WhiteElo "2391"]
[BlackElo "2321"]
[PlyCount "180"]
[EventDate "2006.11.22"]

{La partida de la jornada tiene como protagonistas a dos de los jóvenes más
prometedores del panorama nacional.} 1. e4 e5 2. Nf3 Nc6 3. Bb5 Nd4 4. Nxd4
exd4 5. O-O c6 6. Bc4 Nf6 7. Re1 d6 8. c3 Ng4 9. h3 ({
Jugada muy lógica.Se había probado también:} 9. Qe2 b5 (9... dxc3 10. Nxc3 Ne5
11. Bb3 Be7 12. d4 Nd7 13. Bf4 O-O 14. Rad1 Nb6 15. d5 c5 16. e5 dxe5 17. Qxe5
Bf6 18. Qd6 c4 19. Qxd8 Rxd8 20. Bc7 Rf8 21. Bxb6 cxb3 22. Bc5 Rd8 23. axb3 Bf5
24. Be7 $16 {Majdan,J-Andrzejewska,A/Leba 2004}) 10. Bd3 Qb6 11. e5 Be6 $13 {
Velicka,P-Wisnewski,C/Norderstedt 2003}) 9... Ne5 10. Bf1 d3 11. f4 $5 $146 ({
Novedad que no fué del agrado del blanco en la siguiente y muy dudosa partida:
} 11. Re3 g5 12. Qh5 g4 13. Bxd3 gxh3 14. Be2 hxg2 15. d4 Ng6 16. Rf3 Qh4 17.
Rg3 Be6 {1/2-1/2 Kagan,S-Tumurbator,P/Teheran 1972}) 11... Qb6+ 12. Kh1 h5 $5 (
12... Ng6 13. Qf3 $14) 13. Re3 ({Es comprensible que no le gustara al blanco:} 
13. fxe5 Bg4 14. Qb3 (14. Qa4 Qf2) 14... Qf2 15. Qxb7 (15. Rd1 O-O-O $5) 15...
Rd8 $1 $17) 13... Nc4 14. Rf3 (14. Rxd3 $2 Nxb2 $19) ({
pero era interesante la increible variante:} 14. Rg3 $5 Nxb2 15. Qb3 Qxb3 16.
axb3 Nd1 17. Kg1 d5 {....y no me atrevo a pronunciarme.}) 14... Bg4 $1 15. b3
$1 {El blanco confía en que, a cambio de la calidad, cuando caiga d3 el centro
será suficiente compensación.} Na5 $6 ({Fea jugada.} 15... d5 $1 16. exd5 (16.
bxc4 dxe4 17. Qe1 Bxf3 18. gxf3 O-O-O 19. fxe4 Qa6 $44) 16... Bxf3 17. Qxf3 Nd6
$13) 16. Bxd3 (16. b4 $5 Nc4 17. Bxd3 Bxf3 18. Qxf3 d5 19. exd5 Nd6 $14) 16...
c5 17. Na3 O-O-O 18. Nc4 Nxc4 19. Bxc4 Be7 {muchas jugadas son posibles aquí,
aunque parece obvio que las blancas pasaron lo peor.} 20. d3 (20. Bxf7 $1 $14)
20... Bf6 21. Bd2 {A las blancas no les preocupa que las negras coman en f3,
ya que el alfil blanco sería fortísimo.} Rd7 22. a4 a6 23. Rb1 $6 (23. b4 $1
$14) 23... Qd8 $6 (23... Qa5 $1 $13) 24. b4 cxb4 25. Rxb4 $5 (25. cxb4 {
también aseguraba la ventaja}) 25... g5 26. Qb3 (26. Bxa6 Bxf3 27. gxf3 bxa6
28. Qb3 $18) 26... Bxf3 27. Bxa6 $1 Bd1 28. Qd5 $5 (28. Qxd1 $1 $18) 28... Rc7
29. Bxb7+ (29. Rxb7 {es más directa. Pero el tiempo  apremiaba.}) 29... Kd7 30.
e5 $1 Qe7 31. exf6 $6 (31. Rb6 $18) 31... Qxf6 32. Re4 $2 (32. Ba6 $18) 32...
Rc5 33. Qd4 $2 (33. Qa2 {manteniendo las damas aún conservaba la ventaja.})
33... Qxd4 34. Rxd4 g4 $1 $11 35. Kh2 gxh3 36. Kxh3 Rb8 37. Ba6 Rb2 38. Bc1 Rb3
39. Bb5+ Kc7 40. Bd2 Rb2 41. Bc1 Ra2 {
El negro ya aspira a la victoria, aunque objetivamente no esté mejor.} (41...
Rb3 $11) 42. Re4 Bg4+ 43. Kg3 h4+ $5 (43... Rxc3 $5 44. Re7+ Kb8 45. Be3 Rc7
46. Re8+ Rc8) 44. Kxh4 (44. Kxg4 $4 f5+ $19) 44... Rxg2 45. Rc4 (45. Re7+ $11)
45... Be6 46. Rxc5+ dxc5 47. Be3 Kd6 48. d4 c4 49. f5 Bd5 50. Bf4+ Ke7 51. Bc7
Kf6 52. Bd7 Rc2 53. Bd8+ Kg7 54. Ba5 Kf6 55. Bd8+ Kg7 56. Ba5 Ra2 57. Kg5 f6+
58. Kf4 Rf2+ 59. Ke3 Rf3+ 60. Ke2 Rh3 61. Be6 Rh2+ 62. Ke3 Rh3+ 63. Kf4 Bc6 64.
Bxc4 Bxa4 65. Be6 Kf8 66. d5 Ke8 67. Ke4 Rh4+ 68. Ke3 Bd7 69. d6 Rh5 70. Bb4
Bxe6 71. fxe6 Re5+ 72. Kd4 Rxe6 73. c4 Kd7 74. c5 Kc6 75. Kd3 f5 76. Ba3 Re1
77. Bb4 Re4 78. d7 Kxd7 79. Bd2 Re8 80. Be3 Kc6 81. Kd4 Re4+ 82. Kd3 Kd5 83.
Bf2 f4 84. Kd2 Ra4 85. Kd3 Ra3+ 86. Ke2 Ke4 87. Ke1 Ra1+ 88. Ke2 Ra2+ 89. Ke1
Rc2 90. Bg1 Rc1+ {
Dos gladiadores lucharon enconadamente en el tablero 5 del abierto.} 0-1

[Event "Campeonato de España Absoluto "]
[Site "Leon"]
[Date "2006.11.25"]
[Round "4.8"]
[White "Gonzalez Galvan, Juan Manuel"]
[Black "Fernandez Aguado, Enrique"]
[Result "1-0"]
[WhiteElo "2245"]
[BlackElo "2384"]
[PlyCount "53"]
[EventDate "2006.11.22"]

{Enrique Fernandez fue en la década de los 80 uno de los juveniles españoles
más importantes.Últimamente ha vuelto a la arena y no con malos resultados.} 1.
e4 e6 2. d4 d5 3. e5 c5 4. c3 Nc6 5. Nf3 Bd7 6. Bd3 a5 $6 $146 {
Parece poca justificación el impedir b4.} (6... f6) (6... cxd4) (6... Rc8) 7.
O-O Nh6 (7... cxd4 8. cxd4 Qb6 9. Nc3 Nxd4 10. Nxd4 Qxd4 11. Nb5 $44 {
ingresaríamos en temas conocidos que con el peón negro en a5 sería demasiado
peligroso.}) 8. dxc5 (8. Bxh6 gxh6 9. dxc5 Bxc5 10. Nbd2 a4 11. b3 $14) 8...
Bxc5 9. Na3 $5 {xb5} (9. Bxh6) (9. Qe2) 9... Ng4 ({Quizás es mejor:} 9... Bxa3
10. bxa3 Ng4 $14) 10. Nb5 $6 {El inicio de un dudoso ataque a la bayoneta}
Ncxe5 {Hay que ingerir} 11. Nxe5 Nxe5 12. Bf4 Nxd3 (12... Bxb5 $1 13. Bxb5+ Nc6
14. Qg4 Qf6 $15 (14... O-O $15)) 13. Nc7+ Kf8 14. Qxd3 Rc8 {La posición parece
controlada por parte del negro,estructura sólida, el rey relativamente
tranquilo....lejos estaban de imaginarse lo que se avecinaba.} 15. b4 $1 Be7 (
15... Bb6 {pero uno tiende a proteger su rey..}) 16. Qg3 g5 (16... Kg8) 17. Be5
(17. Bd6 Bxd6 18. Qxd6+ Kg7 $19) 17... f6 $17 (17... Kg8 $5 $17) 18. f4 $5 fxe5
19. fxg5+ Kg8 20. Qf3 $1 (20. g6 Bf6 $19) 20... Be8 (20... Qf8 $5 21. Nxd5 Qxf3
(21... Bc6 $17) 22. Nxe7+ Kg7 $1 (22... Kf7 $4 23. Nxc8 $16) 23. Rxf3 Rce8 $19)
21. Nxe6 $1 Qb6+ 22. Nd4 $1 e4 $1 (22... exd4 23. Qxd5+ Kg7 24. Qe5+ Kg8 25.
Qd5+ $11) 23. Qh3 Rd8 24. bxa5 Qg6 25. Rab1 h6 $2 (25... Bd7 $19) (25... Bc6
$19) 26. Rxb7 Bc5 $4 (26... Rh7 $17) 27. Rf6 $1 {
Justo es reconocer que el blanco ha buscado la victoria.} 1-0

[Event "Campeonato de España Abierto"]
[Site "Leon"]
[Date "2006.11.26"]
[Round "5.1"]
[White "Recuero Guerra, David"]
[Black "Moreno Ruiz, Javier"]
[Result "0-1"]
[WhiteElo "2321"]
[BlackElo "2456"]
[PlyCount "100"]
[EventDate "2006.11.22"]

{La partida entre los dos únicos líderes con la puntuación perfecta me parece
especialmente interesante, no sólo por el choque de generaciones, sinó por el
estilo dispar de ambos: Moreno estilo sólido; Recuero,en mi opinión, todo lo
contrario.} 1. e4 c5 2. Nf3 Nc6 3. d4 cxd4 4. Nxd4 g6 5. Nc3 Bg7 6. Be3 Nf6 7.
Bc4 Qa5 8. Nb3 $2 (8. O-O O-O 9. Nb3 Qc7 10. Bg5 (10. Be2) (10. h3) (10. Bd3)
10... a6 11. Be2 e6 (11... d6 12. Bxf6 exf6 13. Nd5 Qd8 14. f4 f5 $11 {
Bruned,Y-Moreno Ruiz,J/Collado Villalba 2005}) 12. Qd2 b5 13. a3 Rb8 14. Rfd1
$14 {Anand-Van Wely Wijk aan Zee 1999}) 8... Qb4 {Hay muchas partidas y con
resultados bastante adversos para las negras en la base de datos. Una me ha
gustado como referencia histórica:} 9. Bd3 (9. Qe2 Nxe4 10. a3 Nxc3 11. Bxf7+
Kf8 12. bxc3 Qxc3+ 13. Bd2 Qe5 14. Bc4 Qxe2+ 15. Kxe2 Bxa1 16. Rxa1 e6 17. f4
Ke7 18. g4 d6 19. Bd3 Bd7 20. c4 Rhf8 21. c5 d5 22. h3 e5 23. fxe5 Nxe5 24. Nd4
Rae8 25. Rb1 Kd8 26. Rxb7 Nc6+ 27. Kd1 Nxd4 28. Bg5+ Kc8 29. Ba6 Rf1+ {
0-1 Calvo Minguez,R-Toran Albero,R/Palma de Mallorca 1968}) 9... Nxe4 10. Bxe4
Bxc3+ 11. bxc3 Qxe4 12. O-O O-O $17 {Peón de más, estructura de peones
perfecta...Aunque la compensación parece brillar por su ausencia, el blanco, a
partir de este momento, logrará crear el caos} 13. Re1 Qc4 {
Típico. El negro tiene tantas retiradas de dama...!!y todas parecen buenas!!}
14. Nd2 $1 Qh4 $6 (14... Qxc3) (14... Qa4) 15. Nf3 Qh5 16. h3 d6 17. Rb1 $1 b6
18. Bg5 Re8 $1 (18... Be6 19. Qd2 Bxh3 20. Nd4 Bd7 $17) (18... Ne5 19. Bxe7
Nxf3+ 20. Qxf3 Qxf3 21. gxf3 Re8 $17) 19. Re4 $5 Ne5 $1 $19 20. Rxe5 $5 (20.
Nxe5 Qxg5 $19) 20... dxe5 21. Rb4 $1 Bb7 22. Rh4 Bxf3 23. Qd2 Qxh4 (23... Rad8
$1 24. Qe3) 24. Bxh4 Bc6 (24... Rad8 $1 25. Qe3 (25. Qh6 Bd5 $19) 25... Bd5 $19
) 25. Qe2 $1 e4 (25... f6 $4 26. Qc4+) 26. Qa6 $6 Rad8 $2 (26... h6 $19 {
Sin abandonar el flanco de dama.}) 27. Qxa7 $15 Rd1+ 28. Kh2 e3 29. Qxb6 $1
exf2 $6 ({Algo mejor podría ser:} 29... e2 30. Qxc6 (30. f3 Rd6) 30... Rh1+ 31.
Kxh1 e1=Q+ 32. Kh2 Rd8 $15 {Aunque ya dentro de la oscuridad.}) 30. Bxf2 $11 {
Aunque sigue siendo algo incómodo el juego del blanco.} Rd6 31. Qc5 Ra8 32. a3
Re6 33. Be3 h5 34. Qd4 Re4 35. Qc5 Re6 36. Qd4 (36. c4) 36... f6 (36... Ra4 37.
c4 Re4 $15) 37. Qd3 (37. Qc4 Kf7 38. Qb3 Ra5 $15) 37... Kf7 38. Bc5 Rb8 39. Bb4
$2 (39. c4 $15) 39... Rb5 $1 $19 40. c4 (40. h4 Re4 41. Kh3 Rbe5 $19) 40... Rg5
41. g3 Rf5 42. g4 Rf3 43. Qd2 Ree3 44. Qg2 h4 45. a4 $5 Re6 46. a5 Rfe3 47. Qf1
Re2+ 48. Kg1 R6e3 49. Qd1 Rg2+ 50. Kf1 Rxh3 0-1